Quizzes
Events
Quiz Creation
Community
Videos
Private Events
Remove Ads
Sign In
Join for FREE
Feedback
Dark Mode
Quiz Categories
Sports
Geography
Music
Movies
Television
Just For Fun
Miscellaneous
History
Literature
Language
Science
Gaming
Entertainment
Religion
Holiday
For Kids
Quiz Lab
Recent
Popular Today
Quiz Kudos Today
Editor Picks
Curator Picks
Quizzes by...
Day
Popularity
Type
Ratings
Length
Year
Community
Subscriptions
Recent Discussions
Orange Saloon
Badges
Playlists
Quests
Create
Leaderboards
Showdown
Live 5
Trivia Bingo
Activity
Puzzle Library
Sporcle Events
Private Events
Virtual Trivia
Globe League
Become a Host
Pub Owners
SporcleCon
Opinionation
Our Games
Videos
Blog
Mobile Apps
Partnerships
Remove Ads and Go Orange
Feedback
Sports
Athletes
MLB
NBA
NHL
NFL
Soccer
Sports Teams
WWE
NCAA
Football
Premier League
Basketball
Baseball
Hockey
Golf
Tennis
Cricket
Rugby
Auto Racing
Olympics
World Cup
Sports
Athletes
MLB
NBA
NHL
NFL
Soccer
Sports Teams
WWE
NCAA
Football
Premier League
Basketball
Baseball
Hockey
Golf
Tennis
Cricket
Rugby
Auto Racing
Olympics
World Cup
Random Quiz
Search Sporcle
×
Quiz Lab
Quiz Lab
Sports
NHL
Type in answers that appear in a list
Type in answers that appear in a list
Classic
Best Score? Go Orange.
Pittsburgh Penguins Top 10 Goals Stats
Can you name the Pittsburgh Penguins top 10 goal scorers per season?
By
slowBURN71
17m
300 Questions
223 Plays
223 Plays
223 Plays
Comments
Comments
Give Quiz Kudos
Give Quiz Kudos
-
- Ratings
hide this ad
Replay
Link that replays current quiz
Next Quiz
Link to next quiz in quiz playlist
You Got
0%
They Got
Avg Score
69%
Avg Friend Score
Upgrade to see
Score Distribution
Jump to the score distribution portion of the page
Score
0/300
Timer
17:00
0
Plays Today
Year
Player
% Correct
2019-
20
Sidney Crosby
100%
2020-
21
Sidney Crosby
100%
2019-
20
Patric Hornqvist
100%
2019-
20
Jake Guentzel
100%
2020-
21
Bryan Rust
100%
2020-
21
Jake Guentzel
100%
2019-
20
Evgeni Malkin
100%
2019-
20
Bryan Rust
100%
2020-
21
Evgeni Malkin
100%
2021-
22
Jake Guentzel
100%
2021-
22
Evgeni Malkin
100%
2021-
22
Bryan Rust
100%
2021-
22
Sidney Crosby
100%
2018-
19
Bryan Rust, Patric Hornqvist
98.5%
2018-
19
Evgeni Malkin
98.5%
2018-
19
Sidney Crosby
98.5%
2017-
18
Sidney Crosby, Patric Hornqvist
98%
2017-
18
Evgeni Malkin
98%
2018-
19
Matt Cullen, Riley Sheahan
97%
2018-
19
Jake Guentzel
97%
2015-
16
Matt Cullen, Kris Letang
96.9%
2019-
20
Kris Letang
96.4%
2020-
21
Kris Letang, Teddy Blueger, Brandon Tanev, Evan Rodrigues
96.4%
2017-
18
Kris Letang
95.9%
2017-
18
Phil Kessel
95.9%
2018-
19
Kris Letang
95.5%
2018-
19
Phil Kessel
95.5%
1994-
95
Larry Murphy, John Cullen, Shawn McEachern
95.1%
2017-
18
Jake Guentzel
94.9%
2016-
17
Sidney Crosby
94.6%
2016-
17
Evgeni Malkin
94.6%
2015-
16
Sidney Crosby
94.6%
2015-
16
Evgeni Malkin
94.6%
2014-
15
Sidney Crosby, Evgeni Malkin
94.6%
2013-
14
Sidney Crosby
94.6%
2013-
14
Evgeni Malkin
94.6%
2012-
13
Sidney Crosby
94.6%
2012-
13
Evgeni Malkin
94.6%
2011-
12
Evgeni Malkin
94.6%
2011-
12
Sidney Crosby
94.6%
2010-
11
Sidney Crosby
94.6%
2010-
11
Evgeni Malkin
94.6%
2009-
10
Sidney Crosby
94.6%
2009-
10
Evgeni Malkin
94.6%
2008-
09
Evgeni Malkin
94.6%
2008-
09
Sidney Crosby
94.6%
2007-
08
Evgeni Malkin
94.6%
2007-
08
Sidney Crosby
94.6%
2006-
07
Sidney Crosby
94.6%
2006-
07
Evgeni Malkin
94.6%
2005-
06
Sidney Crosby
94.6%
2021-
22
Kris Letang
94.4%
2021-
22
Jeff Carter, Evan Rodrigues
94.4%
1993-
94
Larry Murphy, Mario Lemieux
94.2%
2017-
18
Conor Sheary
93.9%
2012-
13
Kris Letang, Jarome Iginla
93.7%
2010-
11
Kris Letang, Max Talbot
93.7%
2014-
15
Kris Letang
92.8%
2013-
14
Kris Letang
92.8%
2011-
12
Kris Letang
92.8%
2009-
10
Mark Eaton, Kris Letang, Martin Skoula
92.8%
2008-
09
Kris Letang
92.8%
2007-
08
Jarkko Ruutu, Kris Letang
92.8%
2005-
06
Mario Lemieux, Andy Hilbert
92.8%
2002-
03
Mario Lemieux
92.8%
2001-
02
Dan Lacouture, Janne Laukkanen, Mario Lemieux
92.8%
2000-
01
Mario Lemieux
92.8%
1996-
97
Mario Lemieux
92.8%
1995-
96
Mario Lemieux
92.8%
1992-
93
Mario Lemieux
92.8%
1991-
92
Mario Lemieux
92.8%
2000-
01
Jaromir Jagr
92.4%
1999-
00
Jaromir Jagr
92.4%
1998-
99
Jaromir Jagr
92.4%
1997-
98
Jaromir Jagr
92.4%
1996-
97
Jaromir Jagr
92.4%
1995-
96
Jaromir Jagr
92.4%
1994-
95
Jaromir Jagr
92.4%
1993-
94
Jaromir Jagr
92.4%
1992-
93
Jaromir Jagr
92.4%
1991-
92
Jaromir Jagr
92.4%
1991-
92
Larry Murphy, Ron Francis
92.4%
2017-
18
Bryan Rust
91.8%
2016-
17
Phil Kessel, Conor Sheary
91.5%
2016-
17
Matt Cullen
91.5%
2015-
16
Phil Kessel
90.6%
2000-
01
Rene Corbet, Kevin Stevens
90.6%
1994-
95
Kevin Stevens
90.6%
1993-
94
Kevin Stevens
90.6%
1992-
93
Kevin Stevens
90.6%
1991-
92
Kevin Stevens
90.6%
2007-
08
Jordan Staal, Sergei Gonchar, Ryan Whitney, Max Talbot
89.2%
2009-
10
Mike Rupp, Tyler Kennedy, Chris Kunitz
88.8%
1991-
92
Troy Loney, Phil Bourque, Paul Coffey
88.3%
2006-
07
Sergei Gonchar, Max Talbot
87.9%
1997-
98
Ron Francis
87.9%
1996-
97
Ron Francis
87.9%
1995-
96
Ron Francis
87.9%
1994-
95
Ron Francis
87.9%
1993-
94
Ron Francis
87.9%
Year
Player
% Correct
1992-
93
Ron Francis
87.9%
2011-
12
Pascal Dupuis, Jordan Staal
87.4%
2009-
10
Ruslan Fedotenko, Sergei Gonchar
87.4%
2009-
10
Jordan Staal, Bill Guerin
87%
2005-
06
Sergei Gonchar, Tomas Surovy
87%
2016-
17
Chris Kunitz
86.5%
2015-
16
Chris Kunitz
86.5%
2014-
15
Chris Kunitz
86.5%
2013-
14
Chris Kunitz
86.5%
2012-
13
Chris Kunitz
86.5%
2011-
12
Chris Kunitz
86.5%
2010-
11
Chris Kunitz
86.5%
2008-
09
Max Talbot, Pascal Dupuis
86.1%
2020-
21
Jason Zucker, Zach Aston-Reese, Jeff Carter
85.7%
2013-
14
James Neal
85.7%
2012-
13
James Neal
85.7%
2011-
12
James Neal
85.7%
2010-
11
Jordan Staal
85.7%
2008-
09
Jordan Staal
85.7%
2006-
07
Jordan Staal
85.7%
1992-
93
Larry Murphy
84.8%
2014-
15
Pascal Dupuis
83.4%
2013-
14
Pascal Dupuis
83.4%
2012-
13
Pascal Dupuis
83.4%
2010-
11
Pascal Dupuis
83.4%
2009-
10
Pascal Dupuis
83.4%
2005-
06
Max Talbot, Eric Boguniecki, Dick Tarnstrom
83.4%
2019-
20
Brandon Tanev
82.1%
2006-
07
Mark Recchi
82.1%
2005-
06
Mark Recchi
82.1%
1998-
99
Stu Barnes, Alexei Kovalev
82.1%
1991-
92
Mark Recchi
82.1%
2016-
17
Patric Hornqvist
81.6%
2015-
16
Patric Hornqvist
81.6%
2014-
15
Patric Hornqvist
81.6%
2002-
03
Alexei Kovalev
81.6%
2001-
02
Alexei Kovalev
81.6%
2000-
01
Alexei Kovalev
81.6%
1999-
00
Alexei Kovalev
81.6%
2015-
16
Conor Sheary
80.3%
2003-
04
Mike Eastwood, Martin Straka
79.8%
2002-
03
Martin Straka
79.8%
2001-
02
Martin Straka
79.8%
2000-
01
Martin Straka
79.8%
1999-
00
Martin Straka
79.8%
1998-
99
Martin Straka
79.8%
1997-
98
Martin Straka, Kevin Hatcher
79.8%
1994-
95
Martin Straka
79.8%
1993-
94
Martin Straka
79.8%
2017-
18
Carl Hagelin
76.5%
1998-
99
Jan Hrdina, Rob Brown
75.3%
1996-
97
Joe Mullen, Fredrik Olausson, Greg Johnson
75.3%
2012-
13
Tyler Kennedy, Paul Martin, Brenden Morrow
74.9%
2005-
06
Ryan Whitney, Ric Jackman, Erik Christensen
73.5%
1993-
94
Doug Brown
73.1%
2011-
12
Tyler Kennedy
72.6%
2010-
11
Tyler Kennedy
72.6%
2008-
09
Tyler Kennedy
72.6%
2007-
08
Tyler Kennedy
72.6%
2006-
07
Ryan Whitney
72.6%
2016-
17
Jake Guentzel
71.7%
2002-
03
Kent Manderville, Marc Bergevin, Dan Lacouture, Mikael Samuelsson, Guillame Lefebvre
71.7%
2019-
20
Teddy Blueger
71.4%
2016-
17
Bryan Rust
71.3%
1999-
00
Rob Brown
71.3%
1997-
98
Rob Brown
71.3%
1994-
95
Joe Mullen
71.3%
1993-
94
Joe Mullen
71.3%
1992-
93
Joe Mullen
71.3%
1991-
92
Joe Mullen
71.3%
2003-
04
Dick Tarnstrom, Alexei Morozov, Rico Fata
70.9%
2010-
11
Mike Rupp, Alex Goligoski
70.4%
2002-
03
Dick Tarnstrom, Milan Kraft
70%
2002-
03
Wayne Primeau, Randy Robitaille, Rico Fata, Eric Meloche
70%
1993-
94
Rick Tocchet
69.1%
1992-
93
Rick Tocchet
69.1%
1991-
92
Rick Tocchet
69.1%
2008-
09
Ruslan Fedotenko
68.6%
2001-
02
Kris Beech, Randy Robitaille
68.6%
2017-
18
Olli Maatta
68.4%
1992-
93
Mike Needham, Bob Errey
68.2%
1991-
92
Bob Errey
68.2%
2020-
21
Kasperi Kapanen
67.9%
1994-
95
Luc Robitaille
67.7%
2016-
17
Nick Bonino
67.3%
2015-
16
Nick Bonino
67.3%
2021-
22
Teddy Blueger
66.7%
1993-
94
Shawn McEachern
66.4%
1992-
93
Shawn McEachern
66.4%
1996-
97
Petr Nedved
65.5%
1995-
96
Petr Nedved
65.5%
2017-
18
Riley Sheahan
65.3%
2015-
16
Carl Hagelin
65%
2000-
01
Alexei Morozov, Jiri Slegr
65%
1999-
00
Alexei Morozov, Matthew Barnaby, Tyler Wright
65%
2002-
03
Steve McKenna, Ville Nieminen, Alexei Morozov
64.6%
2001-
02
Alexei Morozov
64.1%
1998-
99
Alexei Morozov
64.1%
1997-
98
Alexei Morozov
64.1%
2002-
03
Jan Hrdina
63.2%
Year
Player
% Correct
2001-
02
Jan Hrdina
63.2%
2000-
01
Jan Hrdina
63.2%
1999-
00
Jan Hrdina
63.2%
1997-
98
Stu Barnes
63.2%
1996-
97
Stu Barnes
63.2%
2007-
08
Colby Armstrong, Erik Christensen
62.8%
2005-
06
Ryan Malone, John Leclair
61.9%
2001-
02
Robert Lang
61.9%
2000-
01
Robert Lang
61.9%
1999-
00
Robert Lang
61.9%
1998-
99
Robert Lang
61.9%
1997-
98
Robert Lang
61.9%
2021-
22
Brian Boyle, Mike Matheson, Kasperi Kapanen
61.1%
2014-
15
Brandon Sutter
61%
2013-
14
Brandon Sutter
61%
2012-
13
Brandon Sutter
61%
2016-
17
Justin Schultz
59.6%
1998-
99
German Titov, Kevin Hatcher
59.6%
2005-
06
Michel Ouellet, Colby Armstrong
59.2%
2006-
07
Colby Armstrong
58.3%
2007-
08
Ryan Malone
57.8%
2006-
07
Ryan Malone
57.8%
2003-
04
Ryan Malone
57.8%
1996-
97
Kevin Hatcher
57.8%
2009-
10
Alex Goligoski
57.4%
2002-
03
Michal Rozsival, Shean Donovan, Alexandre Daigle, Tomas Surovy
57%
2018-
19
Dominik Simon, Zach Aston-Reese
56.7%
2001-
02
Toby Petersen, Milan Kraft
56.1%
2003-
04
Milan Kraft
55.6%
2000-
01
Milan Kraft
55.6%
1999-
00
German Titov
55.2%
2008-
09
Petr Sykora
53.8%
2007-
08
Petr Sykora
53.8%
2006-
07
Erik Christensen
53.8%
2018-
19
Jared McCann
53.7%
2019-
20
Jared McCann
53.6%
2020-
21
Jared McCann
53.6%
2020-
21
Cody Ceci, Brian Dumoulin, Mark Jankowski
53.6%
2013-
14
Olli Maatta
52.9%
1999-
00
Michal Rozsival, Ian Moran, Kip Miller, Pat Falloon, Josef Beranek
52.9%
2012-
13
Matt Cooke
52.5%
2011-
12
Matt Cooke
52.5%
2010-
11
Matt Cooke
52.5%
2009-
10
Matt Cooke
52.5%
2008-
09
Matt Cooke
52.5%
1991-
92
Bryan Trottier
52.5%
2013-
14
Jussi Jokinen
52%
2012-
13
Jussi Jokinen
52%
2003-
04
Tomas Surovy
52%
1996-
97
Joe Dziedzic, Tomas Sandstrom
52%
1995-
96
Tomas Sandstrom
52%
1994-
95
Tomas Sandstrom
52%
2018-
19
Tanner Pearson, Derick Brassard, Nick Bjugstad
50.7%
2020-
21
Mike Matheson, Colton Sceviour
50%
2021-
22
Danton Heinen
50%
2003-
04
Josef Melichar, Martin Strbak, Eric Meloche, Ramzi Abid, Patrick Boileau
49.3%
1999-
00
Jiri Slegr
49.3%
2006-
07
Michel Ouellet
48.9%
2003-
04
Matt Bradley, Ric Jackman
48.9%
2008-
09
Miroslav Satan
48.4%
2013-
14
Matt Niskanen
48%
1998-
99
Kip Miller
47.5%
1997-
98
Fredrik Olausson
46.2%
1995-
96
Markus Naslund
46.2%
1995-
96
Sergei Zubov
45.7%
2001-
02
Michal Rozsival
45.3%
2003-
04
Drake Berehowsky, Landon Wilson
40.4%
1998-
99
Ian Moran, Maxim Galanov
39%
2000-
01
Josef Beranek
38.6%
2005-
06
Zigmund Palffy
38.1%
2011-
12
Steve Sullivan
35.9%
1996-
97
Glen Murray
34.5%
1995-
96
Glen Murray
34.5%
2015-
16
Eric Fehr
32.7%
2014-
15
Blake Comeau
29.6%
1995-
96
Bryan Smolinski
27.8%
2021-
22
Brock McGinn
27.8%
2014-
15
Steve Downie
26.9%
2014-
15
David Perron
26.9%
1992-
93
Dave Tippett
25.6%
2014-
15
Nick Spaling
24.7%
2003-
04
Konstantin Koltsov, Tom Kostopoulos
24.2%
2011-
12
Richard Park
23.8%
2001-
02
Stephane Richer
23.8%
1996-
97
Jason Woolley
22.4%
2003-
04
Brian Holzinger, Lasse Pirjeta
21.5%
1994-
95
Chris Joseph
20.6%
1997-
98
Alex Hicks
17.9%
1995-
96
Dave Roche
17.9%
2019-
20
Dominik Kahun
17.9%
2010-
11
Mark Letestu
17.5%
1997-
98
Ed Olczyk
15.7%
2007-
08
Georges Laraque
14.8%
2005-
06
Lasse Pirjeta
13.9%
1998-
99
Brad Werenka
13.5%
2002-
03
Jamie Pushor, Michal Sivek, Richard Lintner
11.2%
2007-
08
Jeff Taffe
8.1%
2009-
10
Jordan Leopold
7.2%
1994-
95
Len Barrie
6.7%
1993-
94
Mike Stapleton
4.5%
Quiz Playlist
Details
Report
Send in Message
Add To Playlist
Classic:
Type in answers that appear in a list
Quiz Source
Last Updated: May 5, 2017
Quiz Scoreboard
CHALLENGE
Sign Up to Join the Scoreboard
Show All
Scores
Hide
Comments
May contain spoilers
Recently Published
College Basketball Coaching Resumes
by pancakes188
Sports
9m
Billboard Blitz: Fleetwood Mac
by CooCooCachoo
Music
15s
Presidents Visiting Landmarks
by Hejman
History
7m
More to Explore
Quiz From the Vault
Featured Blog Post
Where Did the Easter Bunny Come From?
hide this ad
You Might Also Like...
Tags
NHL Quiz
Pittsburgh Penguins
Today's Top Quizzes in Sports
Browse Sports
hide this ad
Today's Top Quizzes in NHL
Browse NHL
Top Contributed Quizzes in Sports
1
2022 World Cup Stars
2
Les meilleurs buteurs des matchs entre le PSG et l’OM
3
FIFA Club World Cup Champions
4
Les entraîneurs de l'OM et du PSG au 21e siècle
5
Criteria MLB: Left Handed Sluggers
6
AFC Teams Reveal (Wrong Answers Minefield)
7
5-to-1: UK Sports Teams
8
5-to-1: FBS Animal Nicknames
9
2023 MLB Unique Player Accomplishments
10
Name the Premier League winners with different clubs
Explore More
Trending Topics
Kpop
NBA
Disney
Anime
Crossword
Marvel
Harry Potter
Country
Puzzle
Song
Pokémon
WWE
Soccer
NFL
The Office
hide this ad
More By:
slowBURN71
Quiz
Plays
Rating
Category
Featured
Created
Leading Scorers 1992-2022
1,765
4.88
Sports
Dec 15, 2012
NHL Career Points
1,597
4.67
Sports
Dec 28, 2012
NHL Active Goals Leaders
1,494
4.83
Sports
Aug 18, 2012
NHL - Most Points - Season
1,291
5.00
Sports
Aug 23, 2012
Pittsburgh Penguins Top 10 Scorers
1,184
4.75
Sports
Jul 31, 2012
Go to Creator's Profile
Score Distribution
Quiz Creator Spotlight
slowBURN71
Follow
Send a Message
Quizzes Created
-
Created Quiz Play Count
-
More By This Creator
Popular Quizzes Today
1
Find the US States - No Outlines Minefield
2
Find the Countries of Europe - No Outlines Minefield
3
The Countries of the World
4
Find the US States
5
Risky Map Clicking: Biggest States A-Z
6
US States
7
Popular People in 1961
8
Movies - When Are They Set?
More Sports Quizzes
3 HR World Series Games
Editor's Pick
Trending Quizzes
Risky Map Clicking: Least Populous States A-Z
1-10 Letter G Words
1-10 Letter F Words
Risky Map Clicking: Next State Alphabetically
Risky Map Clicking: Biggest States A-Z
Recently Updated
Leaping Animals
pecheneg
Reality TV Shows (A-Z)
bhenderson79
Rickey Henderson's Hall of Fame Teammates
pecheneg
Champions League XIs: Arsenal
pecheneg
Quick Pick: Celebrities in WWE's Hall of Fame
aduchscher
A-Z Keypad Blitz II
pecheneg
Multiple Oscar Actors
pecheneg
Mystery Phrase Blitz: Oscar 'Best Actors'
pecheneg
F. Scott Fitzgerald Novels
LTH
Pick 3 Villains
ddd62291
Trending Topics
Marvel
Crossword
NBA
Disney
Anime
Kpop
Harry Potter
Country
Puzzle
Soccer
WWE
Song
NFL
The Office
Pokémon
Your Account Isn't Verified!
In order to create a playlist on Sporcle, you need to verify the email address you used during registration. Go to your
Sporcle Settings
to finish the process.
Report this User
Report this user for behavior that violates our
Community Guidelines
.
Details:
Send Report
Go to the Sporcle.com Mobile Site →
Comments